00716nam a2200241 a 4500001001300000003000900013005001700022008004100039020002300080082001500103100001900118245004900137260003800186300000900224500003500233505002300268650001600291700001900307902000800326942000700334952011600341999001700457nice12345678IN_TiNIC20260116014526.0100924s2009 dela grp 000 0 eng  a9788184551846c80000a305.8bDEV aDevi, K Ranjna aSocial Work, Psychology & Welfare Management aDelhi bOmega Publications c2009 a280p aincludes index and biblioraphy2 aBibliography,Index aSocial Work1 aDevi, K Ranjna bSRS cBK 001040708StackRoom-aHMIbHMId2010-09-24g800.00l0o305.8 DEVp023341r2010-09-24v800.00w2010-09-24yBK c15781d15781